| 000 | 00000cam 2200000zi 4500 |
| 001 | 9.958072 |
| 003 | CaOODSP |
| 005 | 20251218073858 |
| 006 | m o d f |
| 007 | cr cn||||||||| |
| 008 | 251209e20251217onc ob f000 0 eng d |
| 020 | |a9780660976297 |
| 040 | |aCaOODSP|beng|erda|cCaOODSP |
| 043 | |an-cn--- |
| 086 | 1 |aCS62-0014/2025-8E-PDF |
| 100 | 1 |aShao, Zekai, |eauthor. |
| 245 | 10|aTechnical guide for the telecommunications services producer price indexes / |cby Zekai Shao and Norman Chalk. |
| 264 | 1|a[Ottawa] : |bStatistics Canada = Statistique Canada, |cDecember 17, 2025. |
| 264 | 4|c©2025 |
| 300 | |a1 online resource (7 pages). |
| 336 | |atext|btxt|2rdacontent |
| 337 | |acomputer|bc|2rdamedia |
| 338 | |aonline resource|bcr|2rdacarrier |
| 490 | 1 |aPrices analytical series, |x2818-6370 |
| 500 | |aIssued also in French under title: Guide technique des indices des prix à la production des services de télécommunications. |
| 500 | |a"Catalogue no. 62F0014M." |
| 504 | |aIncludes bibliographical references. |
| 520 | |a"This technical guide describes the methodological details for the Telecommunications Services Producer Price Indexes (TSPPI). The document includes information about the purpose of the index, index coverage, data source and availability, pricing methodology, and limitations"--Provided by publisher. |
| 650 | 0|aPrice indexes|xMethodology. |
| 650 | 0|aTelecommunication|xPrices|zCanada. |
| 710 | 2 |aStatistics Canada, |eissuing body. |
| 775 | 08|tGuide technique des indices des prix à la production des services de télécommunications / |w(CaOODSP)9.958071 |
| 830 | #0|aPrices analytical series (Statistics Canada)|w(CaOODSP)9.842992 |
| 856 | 40|qPDF|s300 KB|uhttps://publications.gc.ca/collections/collection_2025/statcan/62f0014m/62f0014m2025008-eng.pdf |
| 856 | 4 |qHTML|sN/A|uhttps://www150.statcan.gc.ca/n1/pub/62f0014m/62f0014m2025008-eng.htm |
| 986 | |a62F0014M |